[Event "WLS-chA 68th"]
[Site "Cardiff"]
[Date "2024.04.01"]
[Round "7"]
[White "Bullen, Alex"]
[Black "Zeidler, Sven P"]
[Result "1-0"]
[WhiteElo "2139"]
[BlackElo "2136"]
[PlyCount "71"]
[EventDate "2024.03.29"]
[EventType "swiss"]
[EventRounds "7"]
[EventCountry "WLS"]
[SourceTitle "CB14_2024"]
[SourceDate "2024.04.01"]
[SourceVersion "1"]
[SourceVersionDate "2024.04.01"]
[SourceQuality "1"]

1. e4 Nc6 2. Nc3 Nf6 3. d4 d5 4. e5 Nd7 5. h4 Nb6 6. h5 e6 7. f4 Na5 8. Nce2 c5 9. c3 cxd4 10. cxd4 Bd7 11. Ng3 Rc8 12. Nf3 Nbc4 13. b3 Na3 14. Bd3 Qb6 15. Be3 Bb5 16. Rc1 Rxc1 17. Bxb5+ Nxb5 18. Qxc1 Bb4+ 19. Kf2 Kd7 20. Ne2 Rc8 21. Qb1 h6 22. Qh7 Bf8 23. f5 Nc3 24. Nxc3 Rxc3 25. Bd2 Rxf3+ 26. Kxf3 Nc6 27. Be3 Nxd4+ 28. Kf2 Qa5 29. fxe6+ Kxe6 30. Bxd4 Qd2+ 31. Kf3 Qxd4 32. Re1 Bc5 33. Qc2 Qh4 34. Qxc5 Qxe1 35. Qd6+ Kf5 36. Qd7+ 1-0

[Event "WchT Seniors 50"]
[Site "Struga"]
[Date "2023.09.23"]
[Round "5.1"]
[White "Braso, Jorge"]
[Black "Zeidler, Sven P"]
[Result "0-1"]
[WhiteElo "2058"]
[BlackElo "2094"]
[PlyCount "52"]
[EventDate "2023.09.19"]
[EventType "team-swiss"]
[EventRounds "9"]
[EventCountry "MKD"]
[SourceTitle "EXT 2024"]
[Source "ChessBase"]
[SourceDate "2023.10.10"]
[SourceVersion "1"]
[SourceVersionDate "2023.10.10"]
[SourceQuality "1"]
[WhiteTeam "Uruguay 50"]
[BlackTeam "Wales Silures 50"]
[WhiteTeamCountry "URU"]
[BlackTeamCountry "WLS"]

1. e4 Nc6 2. Nf3 d6 3. d4 Nf6 4. Nc3 g6 5. h3 Bg7 6. Be2 0-0 7. 0-0 e5 8. Be3 exd4 9. Nxd4 Bd7 10. Qd2 Re8 11. Bg5 Nxd4 12. Qxd4 Nxe4 13. Bxd8 Bxd4 14. Nxe4 Raxd8 15. Bf3 Bc6 16. Nd2 Bxb2 17. Bxc6 bxc6 18. Rab1 Bc3 19. Nc4 Rb8 20. Rbd1 Re4 21. Ne3 Ra4 22. Rb1 Rb5 23. g3 f5 24. Kg2 Bd2 25. Kf3 Bxe3 26. fxe3 Rxa2 0-1

[Event "WchT Seniors 50"]
[Site "Struga"]
[Date "2023.09.22"]
[Round "4.1"]
[White "Zeidler, Sven P"]
[Black "Liu, Shilan"]
[Result "1/2-1/2"]
[WhiteElo "2094"]
[BlackElo "2083"]
[PlyCount "99"]
[EventDate "2023.09.19"]
[EventType "team-swiss"]
[EventRounds "9"]
[EventCountry "MKD"]
[SourceTitle "EXT 2024"]
[Source "ChessBase"]
[SourceDate "2023.10.10"]
[SourceVersion "1"]
[SourceVersionDate "2023.10.10"]
[SourceQuality "1"]
[WhiteTeam "Wales Silures 50"]
[BlackTeam "China Shenzhen 50 (W)"]
[WhiteTeamCountry "WLS"]
[BlackTeamCountry "CHN"]

1. e4 c5 2. Nc3 Nc6 3. f4 g6 4. Nf3 Bg7 5. Bb5 Nd4 6. 0-0 e6 7. e5 a6 8. Bd3 d5 9. Nxd4 cxd4 10. Ne2 Ne7 11. Qe1 Nc6 12. c3 dxc3 13. dxc3 d4 14. Be4 dxc3 15. Nxc3 0-0 16. Be3 Bd7 17. Rd1 Qc7 18. Bc5 Rfc8 19. Qf2 b5 20. Bd6 Qa7 21. Bf3 Qxf2+ 22. Rxf2 Be8 23. Ne4 Rd8 24. Rfd2 Rac8 25. b3 h5 26. Kf2 Nb8 27. Bxb8 Rxd2+ 28. Rxd2 Rxb8 29. Rc2 Bf8 30. Rc7 Bb4 31. Ke2 Kf8 32. Ra7 a5 33. Rc7 a4 34. Nf6 axb3 35. axb3 Be7 36. Nh7+ Kg7 37. Rxe7 Kxh7 38. Rc7 Rd8 39. Ke3 Kg7 40. g3 Kf8 41. b4 Kg7 42. Bc6 Bxc6 43. Rxc6 Ra8 44. Rb6 Ra2 45. Rxb5 Rxh2 46. Rc5 Rb2 47. Rc4 Rb3+ 48. Kf2 g5 49. fxg5 Kg6 50. Rf4 1/2-1/2

[Event "BCF-chT 2223 (4NCL)"]
[Site "England"]
[Date "2023.05.01"]
[Round "11.5"]
[White "Ledger, Stephen C"]
[Black "Zeidler, Sven P"]
[Result "1/2-1/2"]
[WhiteElo "1975"]
[BlackElo "2113"]
[PlyCount "116"]
[EventDate "2022.10.22"]
[EventType "team-swiss"]
[EventRounds "11"]
[EventCountry "ENG"]
[SourceTitle "EXT 2024"]
[Source "ChessBase"]
[SourceDate "2023.10.10"]
[SourceVersion "1"]
[SourceVersionDate "2023.10.10"]
[SourceQuality "1"]
[WhiteTeam "Blackthorne Russia"]
[BlackTeam "West is Best"]
[WhiteTeamCountry "ENG"]
[BlackTeamCountry "ENG"]

1. d4 f5 2. g3 Nf6 3. Bg2 d6 4. c4 g6 5. Nc3 Bg7 6. Nf3 0-0 7. 0-0 c6 8. Qc2 Na6 9. a3 Qe8 10. Re1 e5 11. e4 exd4 12. exf5 Bxf5 13. Rxe8 Bxc2 14. Rxa8 Rxa8 15. Nxd4 Bd3 16. Bf1 Bxf1 17. Kxf1 Ng4 18. Nf3 Nc5 19. h3 Nb3 20. Rb1 Ne5 21. Nxe5 Bxe5 22. Be3 Re8 23. Ne4 Bd4 24. Bxd4 Rxe4 25. Bc3 Rxc4 26. Re1 Kf7 27. Re3 Nc5 28. Rf3+ Ke7 29. Re3+ Re4 30. Ke2 Ke6 31. f3 Rxe3+ 32. Kxe3 Na4 33. Bg7 d5 34. h4 c5 35. b3 Nb6 36. g4 a5 37. a4 c4 38. bxc4 Nxc4+ 39. Kf4 Nb6 40. Kg5 Kf7 41. Bc3 d4 42. Bxd4 Nxa4 43. Kh6 Kg8 44. f4 b5 45. f5 gxf5 46. g5 b4 47. h5 Nc3 48. g6 hxg6 49. Kxg6 Nd5 50. Kxf5 a4 51. Ke4 a3 52. Kd3 b3 53. Kd2 Nb4 54. Kc1 a2 55. Kd2 Nd5 56. Bb2 Kh7 57. Kd3 Nb6 58. Kc3 Na4+ 1/2-1/2

[Event "BCF-chT 2223 (4NCL)"]
[Site "England"]
[Date "2023.03.18"]
[Round "7.4"]
[White "Starley, Robert"]
[Black "Zeidler, Sven P"]
[Result "1-0"]
[WhiteElo "2056"]
[BlackElo "2137"]
[PlyCount "65"]
[EventDate "2022.10.22"]
[EventType "team-swiss"]
[EventRounds "11"]
[EventCountry "ENG"]
[SourceTitle "CBM 213 Extra"]
[Source "ChessBase"]
[SourceDate "2023.05.31"]
[SourceVersion "1"]
[SourceVersionDate "2023.05.31"]
[SourceQuality "1"]
[WhiteTeam "Cambridge University"]
[BlackTeam "West is Best"]
[WhiteTeamCountry "ENG"]
[BlackTeamCountry "ENG"]

1. e4 Nc6 2. Nf3 d6 3. d4 Nf6 4. Nc3 g6 5. Be3 Bg7 6. h3 0-0 7. Qd2 a6 8. g4 e5 9. d5 Na7 10. 0-0-0 Nb5 11. Bd3 Bd7 12. g5 Nh5 13. Ne2 f5 14. gxf6 Qxf6 15. Ng5 Nf4 16. Rdg1 c6 17. dxc6 Nxd3+ 18. Qxd3 bxc6 19. Rg3 Nd4 20. Rhg1 d5 21. h4 h6 22. Bxd4 exd4 23. Ne6 dxe4 24. Qxe4 Qxe6 25. Qxe6+ Bxe6 26. Rxg6 Rxf2 27. Rxg7+ Kh8 28. R7g6 Bf5 29. Rxh6+ Bh7 30. Nxd4 Rd8 31. Rxc6 Rxd4 32. Rc8+ Bg8 33. Rgxg8+ 1-0

[Event "BCF-chT 2122 (4NCL)"]
[Site "England"]
[Date "2022.04.30"]
[Round "7.86"]
[White "Zeidler, Sven P"]
[Black "Mihalik, Agoston"]
[Result "1/2-1/2"]
[WhiteElo "2172"]
[BlackElo "2165"]
[PlyCount "61"]
[EventDate "2021.11.27"]
[EventType "team-swiss"]
[EventRounds "11"]
[EventCountry "ENG"]
[SourceTitle "EXT 2023"]
[Source "ChessBase"]
[SourceDate "2022.10.05"]
[SourceVersion "1"]
[SourceVersionDate "2022.10.05"]
[SourceQuality "1"]
[WhiteTeam "West is Best"]
[BlackTeam "West is Best"]
[WhiteTeamCountry "ENG"]
[BlackTeamCountry "ENG"]

1. e4 c5 2. Nc3 a6 3. f4 e6 4. Nf3 b5 5. d3 Bb7 6. Be2 d5 7. exd5 exd5 8. d4 Nf6 9. Be3 Nbd7 10. 0-0 Be7 11. Nh4 0-0 12. Nf5 Re8 13. Bf3 Bf8 14. Bf2 Ne4 15. Bxe4 dxe4 16. Qg4 Kh8 17. dxc5 Nxc5 18. Rad1 Qc7 19. Nd5 Bxd5 20. Rxd5 Ne6 21. Nd4 Nxd4 22. Bxd4 Qxc2 23. Rg5 f6 24. Rh5 e3 25. f5 e2 26. Re1 Qe4 27. Rxh7+ Kxh7 28. Qh3+ Kg8 29. Qb3+ Kh7 30. Qh3+ Kg8 31. Qb3+ 1/2-1/2

[Event "WLS-ch 66th"]
[Site "Cardiff"]
[Date "2022.04.16"]
[Round "3"]
[White "Zeidler, Sven P"]
[Black "Kozusek, Daniel"]
[Result "0-1"]
[WhiteElo "2157"]
[BlackElo "2315"]
[PlyCount "48"]
[EventDate "2022.04.15"]
[EventType "swiss"]
[EventRounds "7"]
[EventCountry "WLS"]
[SourceTitle "CBM 207 Extra"]
[Source "ChessBase"]
[SourceDate "2022.05.31"]
[SourceVersion "1"]
[SourceVersionDate "2022.05.31"]
[SourceQuality "1"]

1. e4 c5 2. Nc3 e6 3. f4 Nc6 4. Nf3 Nge7 5. d4 cxd4 6. Nxd4 Nxd4 7. Qxd4 Nc6 8. Qf2 d5 9. Bd3 d4 10. Nd1 Nb4 11. 0-0 Nxd3 12. cxd3 Bc5 13. Qg3 0-0 14. f5 exf5 15. Bh6 Qf6 16. Bg5 Qg6 17. exf5 Bxf5 18. Qe5 Bxd3 19. Rf3 Be4 20. Rb3 Bd6 21. Qxd4 Qxg5 22. Qxe4 Rae8 23. Qc4 Re1+ 24. Kf2 Qd2+ 0-1

[Event "BCF-chT 2122 (4NCL)"]
[Site "England"]
[Date "2022.03.26"]
[Round "5.76"]
[White "Zeidler, Sven P"]
[Black "Wilson, Edgar"]
[Result "1-0"]
[WhiteElo "2172"]
[BlackElo "1856"]
[PlyCount "91"]
[EventDate "2021.11.27"]
[EventType "team-swiss"]
[EventRounds "11"]
[EventCountry "ENG"]
[SourceTitle "EXT 2023"]
[Source "ChessBase"]
[SourceDate "2022.10.05"]
[SourceVersion "1"]
[SourceVersionDate "2022.10.05"]
[SourceQuality "1"]
[WhiteTeam "West is Best"]
[BlackTeam "Oxford"]
[WhiteTeamCountry "ENG"]
[BlackTeamCountry "ENG"]

1. e4 e6 2. d4 d5 3. exd5 exd5 4. Nf3 Bd6 5. c4 Nf6 6. Nc3 0-0 7. cxd5 Nbd7 8. Bg5 Nb6 9. Be2 Be7 10. Bxf6 Bxf6 11. Qb3 a5 12. a4 Qe7 13. Rc1 Bg4 14. 0-0 Qb4 15. Qxb4 axb4 16. Ne4 Nxd5 17. Nxf6+ gxf6 18. Bc4 Bxf3 19. gxf3 Nf4 20. Rfe1 Rfe8 21. Re3 c6 22. Kf1 Kg7 23. b3 Rad8 24. Rce1 Kf8 25. Rxe8+ Rxe8 26. Rxe8+ Kxe8 27. Ke1 Ke7 28. Kd2 Nd5 29. Bd3 h6 30. Bf5 b6 31. Kd3 Kd6 32. Be4 Nf4+ 33. Kc4 Nh3 34. Kxb4 Nxf2 35. Kc4 Nh3 36. b4 Ng5 37. h4 Ne6 38. Bxc6 Nf4 39. Kb5 Kc7 40. d5 Ng6 41. d6+ Kxd6 42. Kxb6 Nxh4 43. a5 Ng6 44. a6 Ne7 45. Bb7 h5 46. a7 1-0

[Event "WchT Seniors 50"]
[Site "Prague"]
[Date "2020.03.08"]
[Round "3.20"]
[White "Denk, Adolf"]
[Black "Zeidler, Sven P"]
[Result "1/2-1/2"]
[WhiteElo "2224"]
[BlackElo "2170"]
[PlyCount "97"]
[EventDate "2020.03.06"]
[EventType "team-swiss"]
[EventRounds "7"]
[EventCountry "CZE"]
[SourceTitle "CBM 195 Extra"]
[Source "ChessBase"]
[SourceDate "2020.05.31"]
[SourceVersion "1"]
[SourceVersionDate "2020.05.31"]
[SourceQuality "1"]
[WhiteTeam "Austria 50"]
[BlackTeam "Wales 50"]
[WhiteTeamCountry "AUT"]
[BlackTeamCountry "WLS"]

1. c4 f5 2. Nf3 Nf6 3. g3 g6 4. Bg2 Bg7 5. 0-0 0-0 6. Nc3 d6 7. Rb1 e5 8. d3 a5 9. a3 Nc6 10. b4 axb4 11. axb4 h6 12. Nd2 f4 13. Nd5 Nd4 14. e3 Nxd5 15. cxd5 Nb5 16. Bb2 Bf5 17. Qb3 Qg5 18. Rfe1 fxe3 19. fxe3 Bg4 20. Nc4 h5 21. h4 Qf5 22. Rf1 Qd7 23. Qc2 Bh3 24. Qe2 Rxf1+ 25. Rxf1 Ra4 26. Qe1 Bf5 27. Qd2 Bh6 28. Ra1 Rxa1+ 29. Bxa1 Qc8 30. Qc2 Qa8 31. Bb2 Qa2 32. Kf2 Bg7 33. Ke2 Bg4+ 34. Kd2 b6 35. Be4 Bf5 36. Bf3 Bh6 37. Ke2 Kh7 38. Kd2 Bg7 39. Ke2 Bg4 40. Bxg4 hxg4 41. Ke1 Qa8 42. Qg2 Qa4 43. Qe4 Qxb4+ 44. Kf2 Kh6 45. Qxg4 Nc3 46. Qg5+ Kh7 47. h5 gxh5 48. Qxh5+ Kg8 49. Qe8+ 1/2-1/2

[Event "Dyfed op 49th"]
[Site "Fishguard"]
[Date "2020.02.16"]
[Round "5"]
[White "May, Frank"]
[Black "Zeidler, Sven P"]
[Result "1/2-1/2"]
[WhiteElo "2019"]
[BlackElo "2186"]
[PlyCount "138"]
[EventDate "2020.02.14"]
[EventType "swiss"]
[EventRounds "5"]
[EventCountry "WLS"]
[SourceTitle "EXT 2022"]
[Source "ChessBase"]
[SourceDate "2021.10.06"]
[SourceVersion "1"]
[SourceVersionDate "2021.10.06"]
[SourceQuality "1"]

1. Nf3 f5 2. g3 Nf6 3. Bg2 g6 4. 0-0 Bg7 5. d3 d6 6. c4 Nc6 7. Nc3 0-0 8. Rb1 a5 9. a3 e5 10. b4 axb4 11. axb4 h6 12. b5 Ne7 13. Nd2 f4 14. Qb3 Kh7 15. Bb2 Rb8 16. Nde4 Be6 17. Nxf6+ Rxf6 18. Nd5 Nxd5 19. cxd5 Bg4 20. Qd1 Qd7 21. Bc3 Bh3 22. b6 Bxg2 23. Kxg2 c6 24. Qa4 Rf7 25. dxc6 Qxc6+ 26. Qxc6 bxc6 27. Rfc1 Rfb7 28. gxf4 Rxb6 29. Rxb6 Rxb6 30. fxe5 Bxe5 31. Bxe5 dxe5 32. Rc5 e4 33. dxe4 Kg7 34. f4 Kf6 35. h4 Ke6 36. h5 Kd6 37. Ra5 g5 38. fxg5 hxg5 39. Rxg5 Rb2 40. Kf3 Rb1 41. Rg6+ Kd7 42. h6 c5 43. Rg5 Rh1 44. Rxc5 Rxh6 45. Ra5 Rh3+ 46. Kf4 Rh4+ 47. Ke3 Rh2 48. Ra6 Ke7 49. Ra2 Rh1 50. Kd4 Rd1+ 51. Ke5 Re1 52. Ra7+ Kf8 53. Kf6 Rf1+ 54. Ke6 Rf2 55. Ra2 Rh2 56. e5 Rh6+ 57. Kf5 Rb6 58. Ra8+ Ke7 59. Ra7+ Ke8 60. e6 Rb1 61. Kf6 Rf1+ 62. Ke5 Rb1 63. e4 Rh1 64. e7 Rh5+ 65. Kf6 Rh6+ 66. Kg5 Rb6 67. Kf5 Rc6 68. e5 Rb6 69. e6 Rb5+ 1/2-1/2

[Event "Dyfed op 49th"]
[Site "Fishguard"]
[Date "2020.02.14"]
[Round "1"]
[White "Knight, Colin B"]
[Black "Zeidler, Sven P"]
[Result "0-1"]
[WhiteElo "1759"]
[BlackElo "2186"]
[PlyCount "92"]
[EventDate "2020.02.14"]
[EventType "swiss"]
[EventRounds "5"]
[EventCountry "WLS"]
[SourceTitle "EXT 2022"]
[Source "ChessBase"]
[SourceDate "2021.10.06"]
[SourceVersion "1"]
[SourceVersionDate "2021.10.06"]
[SourceQuality "1"]

1. d4 f5 2. Nf3 Nf6 3. h4 e6 4. Nc3 d5 5. Bf4 Bd6 6. e3 0-0 7. Be2 Ne4 8. Nxe4 fxe4 9. Ne5 Nc6 10. Qd2 Qf6 11. Ng4 Qf5 12. Bxd6 cxd6 13. f3 Bd7 14. Nf2 Rac8 15. f4 Qf7 16. g4 Rfe8 17. c3 Na5 18. b3 b6 19. 0-0 Rc7 20. Rac1 Rec8 21. g5 Qe8 22. h5 Kh8 23. h6 gxh6 24. Ng4 hxg5 25. Ba6 Rd8 26. fxg5 Qh5 27. Nf6 Qxg5+ 28. Qg2 Qxe3+ 29. Kh2 Qh6+ 30. Kg1 Qg6 31. Be2 Qxg2+ 32. Kxg2 Bc8 33. Rh1 Rg7+ 34. Kh2 Rf8 35. Rcf1 Rgf7 36. Nh5 e5 37. Ng3 Rxf1 38. Rxf1 Rxf1 39. Nxf1 exd4 40. cxd4 Nc6 41. Ne3 Nxd4 42. Bg4 Bxg4 43. Nxg4 Kg7 44. Kg3 Kg6 45. Kf4 h5 46. Ne3 Ne2# 0-1

[Event "BCF-chT2a 1920 (4NCL)"]
[Site "Daventry"]
[Date "2020.01.12"]
[Round "4.16"]
[White "Zeidler, Sven P"]
[Black "Myall, Ivan J"]
[Result "1-0"]
[WhiteElo "2185"]
[BlackElo "2001"]
[PlyCount "116"]
[EventDate "2020.01.11"]
[EventType "team-tourn"]
[EventRounds "11"]
[EventCountry "ENG"]
[SourceTitle "CBM 194 Extra"]
[Source "ChessBase"]
[SourceDate "2020.03.31"]
[SourceVersion "1"]
[SourceVersionDate "2020.03.31"]
[SourceQuality "1"]
[WhiteTeam "West is Best"]
[BlackTeam "Anglian Avengers"]
[WhiteTeamCountry "ENG"]
[BlackTeamCountry "ENG"]

1. e4 e5 2. Nf3 Nc6 3. c3 d5 4. Qa4 f6 5. d3 Be6 6. Nbd2 Nge7 7. Be2 Ng6 8. d4 dxe4 9. Nxe4 Qd5 10. dxe5 Ngxe5 11. Nxe5 Qxe5 12. 0-0 Qa5 13. Bb5 Qxa4 14. Bxa4 Bd5 15. Re1 0-0-0 16. Bf4 Ne5 17. Bxe5 fxe5 18. Bb3 Bxe4 19. Rxe4 Bd6 20. h4 Rdf8 21. f3 Rf4 22. Rxf4 exf4 23. Be6+ Kd8 24. Bf5 g6 25. Be4 c6 26. Kf2 Kc7 27. Rh1 Bc5+ 28. Ke2 Rg8 29. b4 Be3 30. g4 a5 31. b5 Rd8 32. Bd3 Rd5 33. bxc6 bxc6 34. Rb1 Rc5 35. c4 Re5 36. Be4 Rc5 37. Kd3 Re5 38. Rh1 Rc5 39. Rh2 Re5 40. g5 Bc5 41. Rg2 Re7 42. h5 gxh5 43. Rh2 Rd7+ 44. Kc2 Rg7 45. Rxh5 Be7 46. Rh6 Rxg5 47. Rxh7 Rg2+ 48. Kb3 Kd8 49. Bxc6 Bf6 50. a3 Rb2+ 51. Ka4 Be7 52. Rh5 Kc7 53. Be4 Ra2 54. c5 Ra1 55. Rh7 Kd8 56. Kxa5 Rxa3+ 57. Kb6 Bxc5+ 58. Kxc5 Ra1 1-0

[Event "WchT Seniors 50"]
[Site "Rhodes"]
[Date "2019.04.18"]
[Round "3.6"]
[White "Lewis, Andrew P"]
[Black "Zeidler, Sven P"]
[Result "1-0"]
[WhiteElo "2347"]
[BlackElo "2168"]
[PlyCount "57"]
[EventDate "2019.04.16"]
[EventType "team-swiss"]
[EventRounds "9"]
[EventCountry "GRE"]
[SourceTitle "CBM 190 Extra"]
[Source "ChessBase"]
[SourceDate "2019.07.15"]
[SourceVersion "1"]
[SourceVersionDate "2019.07.15"]
[SourceQuality "1"]
[WhiteTeam "England II"]
[BlackTeam "Wales"]
[WhiteTeamCountry "ENG"]
[BlackTeamCountry "WLS"]

1. Nf3 f5 2. g3 Nf6 3. Bg2 g6 4. 0-0 Bg7 5. c4 0-0 6. Nc3 d6 7. Rb1 e5 8. d3 Nc6 9. b4 h6 10. b5 Ne7 11. a4 g5 12. Nd2 Qe8 13. Ba3 Qh5 14. c5 f4 15. cxd6 cxd6 16. Bxd6 fxg3 17. fxg3 Ng4 18. Qb3+ Kh7 19. h3 Ne3 20. Rxf8 Bxf8 21. g4 Bxg4 22. hxg4 Qxg4 23. Qf7+ Bg7 24. Qf3 Qd4 25. Bxe7 Nxg2+ 26. Kxg2 Qxc3 27. Ne4 Qc2 28. Nxg5+ hxg5 29. Qf5+ 1-0

[Event "Dyfed op 48th"]
[Site "Fishguard"]
[Date "2019.02.24"]
[Round "4.1"]
[White "Young, Alan J"]
[Black "Zeidler, Sven P"]
[Result "0-1"]
[WhiteElo "2024"]
[BlackElo "2149"]
[PlyCount "70"]
[EventDate "2019.02.22"]
[EventType "swiss"]
[EventRounds "5"]
[EventCountry "WLS"]
[SourceTitle "EXT 2020"]
[Source "ChessBase"]
[SourceDate "2019.10.17"]
[SourceVersion "1"]
[SourceVersionDate "2019.10.17"]
[SourceQuality "1"]

1. e4 Nc6 2. Nc3 Nf6 3. d4 d5 4. e5 Nd7 5. Nf3 Nb6 6. Be2 Bg4 7. 0-0 e6 8. Ne1 Bxe2 9. Nxe2 h5 10. c3 Ne7 11. Nc2 c5 12. dxc5 Nd7 13. Ncd4 Nxe5 14. f4 Ng4 15. b4 g6 16. f5 Nxf5 17. Nxf5 gxf5 18. Qe1 b6 19. Nd4 Be7 20. Nxe6 fxe6 21. Qxe6 Qd7 22. Qg6+ Kd8 23. Rxf5 Kc7 24. Bf4+ Kb7 25. Rd1 Rag8 26. c6+ Qxc6 27. Qf7 Re8 28. Rfxd5 Rhf8 29. Rd7+ Ka8 30. Qxh5 Nf6 31. Rc7 Nxh5 32. Rxc6 Nxf4 33. Rc7 Kb8 34. Rc4 Ne2+ 35. Kh1 Bf6 0-1

[Event "Dyfed op 48th"]
[Site "Fishguard"]
[Date "2019.02.23"]
[Round "3.1"]
[White "Zeidler, Sven P"]
[Black "Taylor, Robert Graham"]
[Result "1-0"]
[WhiteElo "2149"]
[BlackElo "1809"]
[PlyCount "119"]
[EventDate "2019.02.22"]
[EventType "swiss"]
[EventRounds "5"]
[EventCountry "WLS"]
[SourceTitle "EXT 2020"]
[Source "ChessBase"]
[SourceDate "2019.10.17"]
[SourceVersion "1"]
[SourceVersionDate "2019.10.17"]
[SourceQuality "1"]

1. e4 Nf6 2. Nc3 e5 3. Nf3 Nc6 4. Be2 Be7 5. 0-0 0-0 6. d4 d6 7. h3 h6 8. b3 Re8 9. Bb2 exd4 10. Nxd4 Bf8 11. Nxc6 bxc6 12. Bf3 Bb7 13. Re1 Nh7 14. g3 g6 15. Ne2 Ng5 16. Bg2 c5 17. Nc3 Bg7 18. Qd3 a5 19. Rad1 Ba6 20. Qd2 Bb7 21. h4 Ne6 22. Na4 Bxb2 23. Nxb2 Kh7 24. Nc4 Nd4 25. c3 Ne6 26. e5 Bxg2 27. Kxg2 dxe5 28. Qxd8 Rexd8 29. Nxe5 Kg7 30. Nc6 Rf8 31. Rd7 Kf6 32. Ne5 Ra6 33. Rd5 Kg7 34. c4 Rd6 35. Nd7 Re8 36. Red1 Ra6 37. R1d2 Rc6 38. Ne5 Ra6 39. Rd7 Rf8 40. f4 a4 41. Re7 axb3 42. axb3 Nd4 43. Rxc7 Nxb3 44. Rdd7 Ra2+ 45. Kh3 Nd2 46. Nxf7 Kf6 47. Nxh6 Ke6 48. Re7+ Kd6 49. Nf7+ Rxf7 50. Rxf7 Nxc4 51. Rfd7+ Ke6 52. Rg7 Kd5 53. Rxg6 Ne3 54. h5 Ra1 55. Kh4 c4 56. h6 Rh1+ 57. Kg5 Nf1 58. g4 Ng3 59. Rg8 Ne4+ 60. Kg6 1-0

[Event "Dyfed op 48th"]
[Site "Fishguard"]
[Date "2019.02.22"]
[Round "1.3"]
[White "Zeidler, Sven P"]
[Black "Chong, Kimberly"]
[Result "1-0"]
[WhiteElo "2149"]
[BlackElo "1720"]
[PlyCount "49"]
[EventDate "2019.02.22"]
[EventType "swiss"]
[EventRounds "5"]
[EventCountry "WLS"]
[SourceTitle "EXT 2020"]
[Source "ChessBase"]
[SourceDate "2019.10.17"]
[SourceVersion "1"]
[SourceVersionDate "2019.10.17"]
[SourceQuality "1"]

1. e4 e5 2. Nf3 Nc6 3. c3 Nf6 4. d4 exd4 5. e5 Qe7 6. cxd4 Ne4 7. Nc3 Nxc3 8. bxc3 d5 9. Qb3 Qd8 10. Bd3 Be7 11. 0-0 0-0 12. Re1 Na5 13. Qc2 g6 14. Bh6 Re8 15. e6 Bf6 16. exf7+ Kxf7 17. Rxe8 Qxe8 18. Re1 Qc6 19. Qe2 Bd7 20. Ne5+ Bxe5 21. Qxe5 Qf6 22. Qxd5+ Be6 23. Qxa5 b6 24. Qb5 Re8 25. d5 1-0

[Event "West Wales op"]
[Site "Swansea"]
[Date "2018.10.13"]
[Round "3"]
[White "Heap, Gerry"]
[Black "Zeidler, Sven P"]
[Result "1-0"]
[WhiteElo "2163"]
[BlackElo "2238"]
[PlyCount "119"]
[EventDate "2018.10.12"]
[EventType "swiss"]
[EventRounds "5"]
[EventCountry "WLS"]
[SourceTitle "EXT 2020"]
[Source "ChessBase"]
[SourceDate "2019.10.17"]
[SourceVersion "1"]
[SourceVersionDate "2019.10.17"]
[SourceQuality "1"]

1. c4 f5 2. g3 Nf6 3. Bg2 g6 4. Nc3 Bg7 5. d3 0-0 6. e4 d6 7. Nge2 fxe4 8. dxe4 c5 9. 0-0 Nc6 10. h3 e5 11. Rb1 Be6 12. Nd5 Qd7 13. Kh2 Rf7 14. Be3 Raf8 15. f3 b5 16. cxb5 Nd4 17. Nec3 Nxd5 18. Nxd5 Bxd5 19. exd5 Qxb5 20. f4 Nf5 21. Bd2 Re7 22. b4 c4 23. a4 Qb6 24. Qc2 e4 25. Qxc4 e3 26. Be1 Rfe8 27. Rc1 e2 28. Rf3 Bd4 29. a5 Bg1+ 30. Kh1 Qd4 31. g4 Re4 32. Qxd4 Nxd4 33. Kxg1 Nxf3+ 34. Bxf3 Rxf4 35. Kf2 Ref8 36. Rc3 Rxb4 37. Re3 Rb2 38. Rxe2 Rb3 39. Re3 Rb2+ 40. Kg3 Rc8 41. g5 Rc1 42. Bg4 Rbb1 43. Bf2 Kf8 44. Rf3+ Ke8 45. Bxa7 Rb5 46. Bb6 Rxd5 47. Ra3 Rxg5 48. Kf4 Rxg4+ 49. hxg4 Kd7 50. a6 Rc8 51. a7 Ra8 52. Rc3 h5 53. g5 Ke6 54. Rc7 Rf8+ 55. Ke3 h4 56. Rh7 Kd5 57. Rxh4 Kc6 58. Bd4 Kb7 59. Rh7+ Ka8 60. Rh8 1-0

[Event "West Wales op"]
[Site "Swansea"]
[Date "2018.10.13"]
[Round "2"]
[White "Zeidler, Sven P"]
[Black "Van Kemenade, Rudy"]
[Result "1-0"]
[WhiteElo "2238"]
[BlackElo "2023"]
[PlyCount "57"]
[EventDate "2018.10.12"]
[EventType "swiss"]
[EventRounds "5"]
[EventCountry "WLS"]
[SourceTitle "EXT 2020"]
[Source "ChessBase"]
[SourceDate "2019.10.17"]
[SourceVersion "1"]
[SourceVersionDate "2019.10.17"]
[SourceQuality "1"]

1. e4 d6 2. d4 Nf6 3. Nc3 e5 4. Nf3 Nbd7 5. Bc4 Be7 6. 0-0 h6 7. Qe2 c6 8. a4 Qc7 9. h3 Nf8 10. dxe5 dxe5 11. Nh4 g6 12. f4 exf4 13. Bxf4 Qa5 14. Bd2 Be6 15. Nd5 Qd8 16. Nxe7 Qxe7 17. Bxe6 Nxe6 18. Bc3 Nh5 19. Bxh8 Qxh4 20. Qf2 Qxf2+ 21. Rxf2 0-0-0 22. Be5 Ng5 23. h4 Nxe4 24. Rxf7 Rd5 25. Bh2 Rd7 26. Raf1 Nhg3 27. Bxg3 Nxg3 28. Rxd7 Kxd7 29. Rf7+ 1-0

[Event "BCF-chT2 1718 (4NCL) Demotion pool"]
[Site "England"]
[Date "2018.05.07"]
[Round "11.72"]
[White "Zeidler, Sven P"]
[Black "Grant, David J"]
[Result "1/2-1/2"]
[WhiteElo "2178"]
[BlackElo "2192"]
[PlyCount "130"]
[EventDate "2017.11.11"]
[EventType "team-tourn"]
[EventRounds "11"]
[EventCountry "ENG"]
[SourceTitle "EXT 2020"]
[Source "ChessBase"]
[SourceDate "2019.10.17"]
[SourceVersion "1"]
[SourceVersionDate "2019.10.17"]
[SourceQuality "1"]
[WhiteTeam "West is Best II"]
[BlackTeam "Sussex Martlets"]
[WhiteTeamCountry "WLS"]
[BlackTeamCountry "ENG"]

1. e4 c5 2. Nc3 Nc6 3. f4 g6 4. Nf3 Bg7 5. Bb5 Nd4 6. 0-0 a6 7. Bd3 d6 8. b3 Nf6 9. Rb1 0-0 10. Qe1 e6 11. a4 Bd7 12. Bb2 Bc6 13. Nxd4 cxd4 14. Na2 Nd7 15. Nb4 Nc5 16. Nxc6 bxc6 17. Qe2 Nxd3 18. Qxd3 c5 19. f5 Be5 20. Rf3 d5 21. fxg6 hxg6 22. exd5 exd5 23. Rh3 Kg7 24. Rf1 Qd6 25. Qf3 f6 26. d3 Rh8 27. Rxh8 Rxh8 28. h3 Qe6 29. Ba3 Bd6 30. Bc1 Rh5 31. g4 Re5 32. Kf2 g5 33. Kg2 Re2+ 34. Rf2 Rxf2+ 35. Kxf2 Qe5 36. Bd2 Qh2+ 37. Qg2 Qe5 38. Kf1 Kg6 39. Qf2 Qe6 40. Qe2 Qe7 41. Qf2 Qe6 42. Ba5 Bf4 43. Qe1 Be3 44. Qg3 f5 45. gxf5+ Qxf5+ 46. Kg2 Bf4 47. Qg4 Qxg4+ 48. hxg4 Bc1 49. Be1 Ba3 50. c3 dxc3 51. Bxc3 Bb4 52. Be5 Kf7 53. Kf3 Ke6 54. Bb2 Bd2 55. Ba3 Bb4 56. Bc1 Kf6 57. Be3 Ba3 58. Ke2 Bb4 59. Kd1 d4 60. Bc1 Ba5 61. Ke2 Bd8 62. Kf3 Ke5 63. Bd2 a5 64. Be1 Kd5 65. Bg3 Bb6 1/2-1/2